Krásný žebrák /

Main Author: Marie de la Visitation, sestra
Language: Czech
Published: Kostelní Vydří : Karmelitánské nakladatelství, 2011
Subjects:
Physical Description: 151 s. ; 18 cm
Book
Saved in:
LEADER 02630nam a2200721 a 4500
001 nkc20102155130
003 CZ PrNK
005 20110420081622.0
007 ta
008 101207s2011 xr e 000 jacze
015 |a cnb002155130 
020 |a 978-80-7195-473-6  |q (brož.) 
035 |a (OCoLC)724294499 
040 |a ABA001  |b cze  |d OLA001 
041 1 |a cze  |h fre 
043 |a e-be--- 
045 |a x9y0 
072 7 |a 27-4  |x Praktická teologie. Morální teologie  |2 Konspekt  |9 5 
072 7 |a 929  |x Biografie  |2 Konspekt  |9 8 
080 |a 27-4  |2 MRF 
080 |a 316.728  |2 MRF 
080 |a 27  |2 MRF 
080 |a 27-184.3  |2 MRF 
080 |a 27-184  |2 MRF 
080 |a 27-145.3  |2 MRF 
080 |a 27-277  |2 MRF 
080 |a 27-277.2  |2 MRF 
080 |a 27-788-055.2  |2 MRF 
080 |a 929  |2 MRF 
080 |a (493)  |2 MRF 
080 |a (0:82-322.6)  |2 MRF 
100 0 |a Marie de la Visitation,  |c sestra  |7 ola2011630340  |4 aut 
245 1 0 |a Krásný žebrák /  |c sestra Marie od Navštívení ; [z francouzského originálu ... přeložila Eliška Křehlíková] 
260 |a Kostelní Vydří :  |b Karmelitánské nakladatelství,  |c 2011 
300 |a 151 s. ;  |c 18 cm 
504 |a Obsahuje bibliografické odkazy 
600 0 7 |a Marie de la Visitation,  |c sestra  |7 ola2011630340  |2 czenas 
648 7 |a 1991-2010  |7 ch460599  |2 czenas 
648 7 |a 20.-21. století  |7 ch462155  |2 czenas 
650 0 7 |a křesťanský život  |7 ph122132  |2 czenas 
650 0 7 |a každodenní život  |7 ph121555  |x křesťanské pojetí  |2 czenas 
650 0 7 |a křesťanská víra  |7 ph122113  |2 czenas 
650 0 7 |a Bůh a člověk  |7 ph116953  |2 czenas 
650 0 7 |a Boží prozřetelnost  |7 ph224038  |2 czenas 
650 0 7 |a biblická interpretace  |7 ph118847  |2 czenas 
650 0 7 |a biblické citáty  |7 ph118853  |2 czenas 
650 0 7 |a řeholnice  |7 ph128281  |z Belgie  |y 20.-21. stol.  |2 czenas 
650 0 9 |a Christian life  |2 eczenas 
650 0 9 |a everyday life  |x Christian approach  |2 eczenas 
650 0 9 |a Christian faith  |2 eczenas 
650 0 9 |a relations between God and man  |2 eczenas 
650 0 9 |a providence of God  |2 eczenas 
650 0 9 |a Biblical interpretation  |2 eczenas 
650 0 9 |a Biblical quotations  |2 eczenas 
650 0 9 |a nuns  |z Belgium  |y 20th-21st centuries  |2 eczenas 
655 7 |a autobiografické příběhy  |7 fd131891  |2 czenas 
655 9 |a autobiographical stories  |2 eczenas 
765 0 |t Ange, la prostituée et autres clins Dieu  |9 Česky 
910 2 |a BOA001  |b 1-1263.254 
990 |a BK 
995 |a 01 
991 |b 201104  |c NOV  |e n 
996 6 |b 2610473343  |c 1-1263.254  |l MZK  |r Sklad / do 1 hodiny  |n 0  |p p.v.  |w 001173217  |u 000010  |a 1  |e BOA001  |j MZK50  |s P